000 01201nam0a2200289 4500
001 RU\NLR\bibl\23499
005 20260406052449.0
021 _aRU
_b99-2941
_9138
035 _a(NLR Aleph) 000022894
090 _a107448
_c107448
100 _a19990420d1997 |||y0rusy50 ca
101 0 _arus
102 _aRU
105 _a|||||||||||||
200 1 _aМетодологические основы создания системы управления подготовкой послевузовским обучением кадров для местного самоуправления
_fВ.А. Гневко
210 _aСПб
_cБизнес-Центр
_d1997 (обл. 1998)
215 _a75 с.
_d21
320 _aБиблиогр. в подстроч. прим.
606 0 _aМестное самоуправление
_xКадры
_xПодготовка
_92083365
_3RU\NLR\auth\661259417
686 _aУ24(2)001
700 1 _4070
_7ca
_8rus
_aГневко
_bВ. А.
_gВиктор Андреевич
_f1946-2018
_3RU\NLR\auth\777443
_9117377
801 0 _aRU
_bNLR
_c19990420
_gPSBO
801 1 _aRU
_bNLR
_c19990420
830 _aавт.по кн.
852 _aNLR
_j99-4/937
942 _cBOOK
980 _aNB